000 00673cam a2200265 4500
008 090401t1998 xxu||||| |||| 00| 0 eng d
020 _a0421575301
035 _a(Sirsi) u84251
041 _aeng
050 _a658.99
100 _aVinter, Graham
245 _aProject finance: a legal guide
250 _a2nd ed.
260 _aLondon
_bSweet & Maxwell
_c1998
300 _axxxii, 306p. ; 25cm.
350 _a85
650 _aCCT
650 _aCOMPULSORY COMPETITIVE TENDERING
650 _aPFI
650 _aPRIVATE FINANCE INITIATIVE
650 _aPROJECT FINANCE
690 _aBUILDING AND CONSTRUCTION-PROJECTS
942 _n0
948 _c16/02/1998
999 _c96924
_d96924